[Event "Tabor Open 2012"]
[Site "Tabor CZE"]
[Date "2012.07.30"]
[Round "2.29"]
[White "Steiner,B"]
[Black "Simacek,V"]
[Result "1-0"]
[WhiteElo "2173"]
[BlackElo "1829"]

1.c4 e5 2.g3 Nf6 3.Bg2 Bc5 4.Nc3 O-O 5.Nf3 e4 6.Ng5 Bxf2+ 7.Kxf2 Ng4+ 8.Kg1 Qxg5
9.Nxe4 Qe7 10.d3 Nc6 11.h3 f5 12.hxg4 fxe4 13.Bxe4 Qc5+ 14.d4 Qxd4+ 15.Qxd4 Nxd4
16.Bxh7+ Kf7 17.Be3 Ne6 18.Rh5 Ke7 19.Rf5 d6 20.Raf1 Bd7 21.g5 Rxf5 22.Bxf5 Bc6
23.Bg4 Rh8 24.Bf3 a6 25.b3 Nf8 26.Bd4 Ne6 27.Be3 Nf8 28.Bd5 Bxd5 29.cxd5 c5
30.dxc6 bxc6 31.Rf4 Ne6 32.Rb4 Ra8 33.Rb7+ Kf8 34.g6 Ke8 35.Bf4 Rd8 36.Rb6 Nd4
37.Kf2 Rd7 38.Rxa6 Ke7 39.e3 Nc2 40.e4 Nb4 41.Bg5+ Ke6 42.Ra8 Rc7 43.Re8+ Kd7
44.Rg8 Ke6 45.Rd8 Rb7 46.Re8+ Kd7 47.Re7+ Kc8 48.Rxb7 Kxb7 49.Bf6 Nd3+ 50.Ke3 Ne5
51.Bxe5 dxe5 52.Kd3  1-0

[Event "21st Kavala Open A"]
[Site "Kavala GRE"]
[Date "2012.08.01"]
[Round "9"]
[White "Damljanovic,B"]
[Black "Volkov,Sergey1"]
[Result "1-0"]
[WhiteElo "2564"]
[BlackElo "2594"]

1.c4 e5 2.g3 c6 3.d4 e4 4.Nc3 Nf6 5.Bg5 Bb4 6.Qb3 Bxc3+ 7.Qxc3 O-O 8.d5 Nxd5
9.Bxd8 Nxc3 10.Bc7 Re8 11.Bd6 Na4 12.b3 Nb6 13.a4 Re6 14.O-O-O a5 15.Bc7 c5
16.Nh3 Na6 17.Bd6 Ra7 18.Bg2 f6 19.Nf4 Re8 20.h4 Kf7 21.g4 Na8 22.Nd5 b6
23.Nc3 N8c7 24.Bxe4 Bb7 25.Bxb7 Rxb7 26.Bxc7 Nxc7 27.Rxd7+ Re7 28.Rhd1 Ne6
29.Rxb7 Rxb7 30.e3 Ke7 31.f4 h6 32.h5 Nd8 33.Ne4 Nf7 34.Kc2 Ke6 35.Rd5 Rb8
36.Kd3 Ke7 37.Ke2 Ke6 38.Kf3 Ke7 39.Ng3 Nd6 40.Nf5+ Nxf5 41.gxf5 Rc8 42.Ke2 Rb8
43.e4 Rf8 44.Ke3 Rf7 45.Rd2 Rf8 46.Rg2 Rf7 47.e5 fxe5 48.fxe5 Rxf5 49.Ke4 Rxh5
50.Rxg7+ Kd8 51.Rb7 Rh3 52.Rxb6 Kc7 53.Rb5 Kc6 54.Rxa5 h5 55.Ra6+ Kb7 56.Rh6 Rxb3
57.Rxh5 Rb4 58.Kd5 Rxa4 59.Kxc5 Kc8 60.Rh7 Ra6 61.Kd5 Rg6 62.c5 Kd8 63.e6 Rg1
64.c6 Rd1+ 65.Ke5 Re1+ 66.Kf5 Rf1+ 67.Kg4 Rg1+ 68.Kf3 Rf1+ 69.Kg2 Rc1 70.Rd7+ Ke8
71.c7  1-0

[Event "Tabor Open 2012"]
[Site "Tabor CZE"]
[Date "2012.08.01"]
[Round "5.3"]
[White "Talla,V"]
[Black "Wilke,W"]
[Result "1-0"]
[WhiteElo "2388"]
[BlackElo "2213"]

1.c4 e5 2.g3 Nf6 3.Bg2 h6 4.Nc3 Bb4 5.Nf3 e4 6.Nd4 Bxc3 7.bxc3 c5 8.Nc2 O-O
9.O-O Nc6 10.f3 exf3 11.Bxf3 d6 12.d3 Bd7 13.h3 Ne5 14.Rf2 Bc6 15.e4 Rc8
16.Bf4 Ne8 17.Ne3 Ng6 18.Nf5 Nxf4 19.gxf4 Bd7 20.Ne3 b5 21.cxb5 Bxb5 22.Qd2 Bd7
23.Kh2 f5 24.exf5 Bxf5 25.Bd5+ Kh8 26.Nxf5 Rxf5 27.Be6 Rh5 28.Bxc8 Qxc8 29.Rf3 Nf6
30.Rg1 Qf5 31.Qg2 g5 32.fxg5 Qe5+ 33.Qg3 Ng4+ 34.Kh1  1-0

[Event "Tabor Open 2012"]
[Site "Tabor CZE"]
[Date "2012.08.02"]
[Round "6.33"]
[White "Gschwendtner,S"]
[Black "Barrish,Daniel"]
[Result "0-1"]
[WhiteElo "2007"]
[BlackElo "1766"]

1.c4 e5 2.g3 Nf6 3.Bg2 d5 4.cxd5 Nxd5 5.Nc3 Nb6 6.Nf3 Nc6 7.O-O Be7 8.d3 O-O
9.a3 Be6 10.Be3 f6 11.Na4 Nd4 12.Bxd4 exd4 13.Rc1 c6 14.Nc5 Bxc5 15.Rxc5 Qd6
16.Rc1 f5 17.Qc2 Bd5 18.Qc5 Qxc5 19.Rxc5 Bxf3 20.Bxf3 Rae8 21.b4 a6 22.Rfc1 Na4
23.R5c4 Rd8 24.Kf1 Rfe8 25.R1c2 g6 26.h4 Kf7 27.Rc1 Re6 28.R4c2 h6 29.Ke1 Rdd6
30.Kd2 Ke7 31.e3 dxe3+ 32.fxe3 h5 33.d4 Nb6 34.Kd3 Nd7 35.a4 Ne5+ 36.Ke2 Nxf3
37.Kxf3 Rd5 38.Rc5 Rxc5 39.bxc5 Kd7 40.Rb1 Kc7 41.a5 Re4 42.Rb6 Rg4 43.Kf2 Kc8
44.d5 cxd5 45.c6 bxc6 46.Rxc6+ Kb7 47.Rb6+ Ka7 48.Rd6 Kb7 49.Rxd5 Kc6 50.Rd8 Kb5
51.Rd5+ Kc6 52.Re5 Re4 53.Rxe4 fxe4 54.g4 Kb5 55.gxh5 gxh5 56.Kg3 Kxa5 57.Kf4 Kb4
58.Kxe4 a5 59.Kd3 Kb3 60.e4 a4 61.e5 a3 62.e6 a2  0-1

[Event "Tabor Open 2012"]
[Site "Tabor CZE"]
[Date "2012.08.02"]
[Round "6.19"]
[White "Steiner,B"]
[Black "Chalupecky,V"]
[Result "1/2-1/2"]
[WhiteElo "2173"]
[BlackElo "1964"]

1.c4 e5 2.g3 f5 3.Nc3 Nf6 4.d4 exd4 5.Qxd4 Nc6 6.Qe3+ Qe7 7.Bg2 Qxe3 8.Bxe3 Bb4
9.Bd2 Ne5 10.a3 Bxc3 11.Bxc3 d6 12.c5 Ke7 13.cxd6+ cxd6 14.Rc1 Rd8 15.Nf3 Nxf3+
16.Bxf3 d5 17.Bxf6+ Kxf6 18.O-O Be6 19.Rc7 Rab8 20.Rd1 Rd6 21.e3 Rc6 22.Rc1 Rxc1+
23.Rxc1 Rf8 24.Kf1 Ke5 25.Ke2 g5 26.Bg2 f4 27.exf4+ gxf4 28.Rc7 fxg3 29.fxg3 Bg4+
30.Ke1 Rc8 31.Rxc8 Bxc8 32.Kd2 Kd4 33.Bf1 Bf5 34.Be2 b6 35.h4 Be4 36.g4 Ke5
37.g5 d4 38.h5 Kf5 39.g6 hxg6 40.hxg6 Kxg6 41.Bd3 Kf5 42.Bc4 Ke5 43.Bf7 Kd6
44.Bh5 Kc5 45.Be2 a5 46.Bf1 Bd5 47.Be2 Bc4 48.Bg4 b5 49.Bh5 b4 50.axb4+ Kxb4
51.Bd1 a4 52.Bh5 Bb5 53.Bg4 Bf1 54.Bh5 d3 55.Bg4  1/2-1/2

[Event "Wasselonne Open 2012"]
[Site "Wasselonne FRA"]
[Date "2012.08.04"]
[Round "6.2"]
[White "Lerch,Pa"]
[Black "Karpatchev,A"]
[Result "1/2-1/2"]
[WhiteElo "2389"]
[BlackElo "2456"]

1.c4 e5 2.g3 Nf6 3.Bg2 d5 4.cxd5 Nxd5 5.Nc3 Nb6 6.Nf3 Nc6 7.O-O Be7 8.a3 O-O
9.b4 Be6 10.d3 a5 11.b5 Nd4 12.Bb2 Bb3 13.Qb1 f6 14.Nd2 Bf7 15.e3 Ne6 16.Bxb7 Rb8
17.Bc6 Nc5 18.d4 exd4 19.exd4 Nca4 20.Re1 f5 21.Nf3 Bf6 22.Qc2 Nxb2 23.Qxb2 Qd6
24.Rad1 Nc4 25.Qc2 Nxa3 26.Qxf5 Bg6 27.Qd5+ Qxd5 28.Bxd5+ Kh8 29.Bc6 Bf7  1/2-1/2

[Event "16th HZ Open"]
[Site "Vlissingen NED"]
[Date "2012.08.05"]
[Round "3"]
[White "Haimovich,T"]
[Black "Timmermans,M"]
[Result "0-1"]
[WhiteElo "2388"]
[BlackElo "2221"]

1.c4 e5 2.g3 Nf6 3.Bg2 d5 4.cxd5 Nxd5 5.Nc3 Nb6 6.Nf3 Nc6 7.O-O Be7 8.a3 O-O
9.b4 Be6 10.Bb2 f6 11.d3 Qd7 12.Ne4 Rfd8 13.Rc1 a5 14.b5 Na7 15.a4 c6 16.Bc3 cxb5
17.Bxa5 Nac8 18.Bxb6 Nxb6 19.axb5 Qxb5 20.Rb1 Qa6 21.Qc1 Na4 22.Qc7 Rd7 23.Qc2 b5
24.Rfc1 Ba3 25.Rd1 b4 26.Nfd2 Rc8 27.Nc4 Nb6 28.Ned2 f5 29.Qa2 Na4 30.Qa1 Nc3
31.Nxe5 Ra7 32.Re1 Nxb1 33.Qxb1 b3 34.Ndc4 Bb4 35.Rd1 Bc3 36.Nc6 Rxc6 37.Bxc6 Qxc6
38.Qxb3 Ra1 39.Rxa1 Bxa1 40.Qb8+ Qc8 41.Qf4 h6 42.Nd6 Qc5 43.Nc4 Bf6 44.h4 Kh7
45.Qf3 Bd7 46.Qf4 g5 47.hxg5 hxg5 48.Qb8 Be6 49.Qb7+ Kg6 50.Qa6 Bd7 51.Qd6 Qxd6
52.Nxd6 Be5 53.Nc4 Bc7 54.Kg2 Be6 55.Nd2 Ba5 56.Nf1 Bb3 57.f4 g4 58.Kf2 Kf6
59.e4 Bc2 60.e5+ Ke6 61.Ke2 Bb3 62.Ne3 Bb6 63.Ng2 Bd5 64.Ne1 Bc5 65.Kf1 Bf3
66.Nxf3 gxf3 67.Ke1 Kf7 68.Kf1 Kg6 69.Ke1 Kh5 70.e6 Kg6 71.g4 fxg4  0-1

[Event "11th Braunau Open A"]
[Site "Ranshofen AUT"]
[Date "2012.08.06"]
[Round "4.1"]
[White "Medvegy,Z"]
[Black "Panchanathan,M"]
[Result "1/2-1/2"]
[WhiteElo "2555"]
[BlackElo "2564"]

1.c4 e5 2.g3 Nf6 3.Bg2 d5 4.cxd5 Nxd5 5.Nc3 Nb6 6.Nf3 Nc6 7.O-O Be7 8.a3 O-O
9.b4 Be6 10.Rb1 f6 11.d3 Qe8 12.Ne4 Rb8 13.Nc5 Bxc5 14.bxc5 Nd5 15.Bb2 Qf7
16.Qc2 Rfd8 17.Ba1 Nde7 18.Rfd1 Bd5 19.Bc3 b5 20.cxb6 cxb6 21.e4 Ba2 22.Rb2 Be6
23.d4 exd4 24.Nxd4 Nxd4 25.Rxd4 Rxd4 26.Bxd4 Rc8 27.Qd1 Nc6 28.Bc3 Qe7 29.Bb4 Nxb4
30.axb4 Rc4 31.Qd2 Qc7 32.h4 Qe5 33.f4 Qc7 34.Kh2 g6 35.b5 Rc1 36.Qd4 Kg7
37.Rf2 Qc5 38.Qb2 Re1 39.Qd2 Rb1 40.f5 Bf7 41.fxg6 hxg6 42.Qf4 Qe5 43.Qxe5 fxe5
44.Rc2 Rxb5 45.Rc7 a5 46.Bh3 Rc5 47.Rb7 Rc2+ 48.Kg1 Rc6 49.Bd7 Rf6 50.Be8 Rf3
51.Kg2 Rf6 52.Kh3 Rf2 53.Kg4 b5 54.Bxf7 Rxf7 55.Rxb5 Ra7 56.Rxe5 a4 57.Rd5 a3
58.Rd1 a2 59.Ra1 Kf6 60.e5+ Kxe5  1/2-1/2

[Event "11th Braunau Open A"]
[Site "Ranshofen AUT"]
[Date "2012.08.06"]
[Round "4.2"]
[White "Hera,I"]
[Black "Okhotnik,V"]
[Result "1-0"]
[WhiteElo "2568"]
[BlackElo "2423"]

1.c4 e5 2.g3 Nc6 3.Bg2 Nf6 4.Nc3 Bc5 5.Nf3 d6 6.O-O O-O 7.d3 h6 8.a3 a6 9.b4 Ba7
10.Bb2 Ne7 11.e3 Ng6 12.d4 c6 13.Qc2 Re8 14.dxe5 dxe5 15.c5 Qe7 16.Nd2 Be6
17.f4 exf4 18.exf4 Bd5 19.Nxd5 Nxd5 20.Be4 Nf6 21.Rae1 Qd8 22.Nc4 Rc8 23.Kh1 Bb8
24.Rd1 Qe7  1-0

[Event "16th Izmailov Mem"]
[Site "Tomsk RUS"]
[Date "2012.08.08"]
[Round "2.3"]
[White "Kokarev,Dm"]
[Black "Kozlitin,R"]
[Result "1-0"]
[WhiteElo "2608"]
[BlackElo "2341"]

1.g3 e5 2.c4 Nf6 3.Bg2 d5 4.cxd5 Nxd5 5.Nc3 Nb6 6.Nf3 Nc6 7.O-O Be7 8.d3 O-O
9.a3 f5 10.b4 Bf6 11.Bb2 Be6 12.Nd2 Qe8 13.Nb3 Nd8 14.Nc5 Bc8 15.e4 f4 16.Nd5 Nxd5
17.exd5 Qg6 18.Qb3 Kh8 19.Rfe1 Qh5 20.Ne4 Be7 21.Rac1 Bd6 22.d4 Nf7 23.Nxd6 cxd6
24.dxe5 Nxe5 25.Bxe5 dxe5 26.Qc3 Bh3 27.Rxe5 Qh6 28.Bxh3 Qxh3 29.Re7 Rf6
30.Rce1 Raf8 31.Re8 f3 32.Rxf8+ Rxf8 33.Qxf3 Qc8 34.Qe3 h6 35.Qxa7 Qd7 36.Rd1 Rf6
37.d6 h5 38.Qd4 b5 39.Qe5 h4 40.Rd4 h3 41.Rh4+ Kg8 42.Qd5+ Qe6 43.Qxe6+ Rxe6
44.Rxh3 Rxd6 45.Rh5 Rd3 46.Rxb5 Rxa3 47.h4 Rb3 48.Kg2 Kh7 49.Rb7 Kg6 50.g4 Rc3
51.Rb6+ Kh7 52.h5 Rd3 53.f3 Rd5 54.Kg3 Rd4 55.g5 Rd1 56.Rb7 Kg8 57.f4 Rd6
58.b5 Kf8 59.b6 Rc6 60.g6  1-0

[Event "TCh-ESP CECLUB 2a Gp1 2012"]
[Site "Padron ESP"]
[Date "2012.08.09"]
[Round "2.4"]
[White "Gomez Lopez,Rob"]
[Black "Carreira Casais,A"]
[Result "1/2-1/2"]
[WhiteElo "2221"]
[BlackElo "1905"]

1.c4 e5 2.g3 Nf6 3.Bg2 d5 4.cxd5 Nxd5 5.Nc3 Nb6 6.Nf3 Nc6 7.O-O Be7 8.a3 a5
9.b3 O-O 10.Bb2 f5 11.d3 Be6 12.Nd2 Bf6 13.Nc4 Qe7 14.Nxb6 cxb6 15.Nd5 Bxd5
16.Bxd5+ Kh8 17.e3 Rad8 18.Bc4 e4 19.Bxf6 Rxf6 20.d4 Rh6 21.Qe2 Rxd4 22.f4 Rdd6
23.a4 Qd8 24.Rfd1 Nb4 25.Kg2 Rxd1 26.Rxd1 Rd6 27.Rxd6 Qxd6 28.Qb2 Nc6 29.h3 Qd1
30.Qe2 Qd6 31.g4 Ne7 32.Qb2 fxg4 33.hxg4 Qd1 34.Qe2 Qd7 35.f5 h6 36.Be6 Qd6
37.Qc2 Qc6 38.Qd2 Qc7 39.Bc4 h5 40.Qd4 h4 41.Qxe4 Qg3+ 42.Kf1 Qh3+ 43.Ke2 Qh2+
44.Kf1 Qh3+ 45.Kf2 Qg3+ 46.Ke2 Qh2+ 47.Kd3 Qd6+ 48.Qd4 Qc7 49.f6 Nc6 50.fxg7+ Qxg7
51.Qxg7+ Kxg7 52.Ke4 Ne7 53.Bf1 Kg6 54.Ke5 Kg5 55.Bh3 Ng8 56.Ke4 Nf6+ 57.Kf3 Nd7
58.Ke4 Nc5+ 59.Kd5 Nxb3 60.e4 b5 61.axb5 a4 62.Kc4 Nd2+ 63.Kb4 a3 64.Kxa3 Nxe4
65.Bg2 Nd6 66.b6 Kxg4 67.Kb4 h3 68.Bh1 Nc8 69.Kc5 Kg3 70.Bxb7 Nxb6 71.Kxb6  1/2-1/2

[Event "2nd Riga Tech Open"]
[Site "Riga LAT"]
[Date "2012.08.09"]
[Round "5.6"]
[White "Miezis,N"]
[Black "Tzermiadianos,An"]
[Result "1-0"]
[WhiteElo "2580"]
[BlackElo "2441"]

1.c4 e5 2.g3 Nc6 3.Bg2 g6 4.Nc3 Bg7 5.e4 d6 6.Nge2 Nge7 7.d3 O-O 8.O-O Be6
9.Nd5 Qd7 10.Be3 f5 11.Rc1 Rf7 12.Qd2 Raf8 13.f3 Nc8 14.b4 Nd4 15.Bxd4 exd4
16.Ndf4 c6 17.Nxe6 Qxe6 18.f4 Kh8 19.c5 dxc5 20.e5 cxb4 21.Qxb4 Rd8 22.Nxd4 Qd7
23.Nb3 Qxd3 24.Nc5 Qe3+ 25.Kh1 Rd4 26.Qb3 Qxb3 27.axb3 Bf8 28.Ne6 Rdd7 29.Rfd1 Bb4
30.Nd8 Rfe7 31.Nxb7 Rxd1+ 32.Rxd1 Rxb7 33.Rd8+ Kg7 34.Rxc8 Be7 35.Bxc6 Rxb3
36.Rc7 Kf8 37.Rxa7 Rb1+ 38.Kg2 Rb2+ 39.Kh3 Rd2 40.Rb7 h6 41.Bd7 Bc5 42.Be6 Bg1
43.g4 fxg4+ 44.Kxg4 Bxh2 45.Bb3 Rd3 46.e6 Rg3+ 47.Kh4 g5+ 48.Kh5 Rxb3 49.Rxb3 gxf4
50.Rb7 f3 51.Kg4 f2 52.Rf7+ Ke8 53.Rxf2 Be5 54.Rf7 h5+ 55.Kxh5 Bd4 56.Kg6 Bb2
57.Rb7 Bc3 58.Kf5 Bd4 59.Ke4 Bc3 60.Kd5 Bd2 61.Ke5 Be1 62.Rb3 Ke7 63.Kd5 Bf2
64.Rd3 Be1 65.Ke5 Ke8 66.Re3 Bf2 67.Re2 Bg3+ 68.Kf6 Bh4+ 69.Kf5 Ke7 70.Rc2 Bg3
71.Rg2 Be1 72.Rg1 Bc3 73.Rc1 Bd4 74.Rc7+ Ke8 75.e7 Kf7 76.Rc4  1-0

[Event "Miguel Najdorf Open A"]
[Site "Warsaw POL"]
[Date "2012.08.09"]
[Round "4.19"]
[White "Kubeczko,Grzegorz"]
[Black "Nasuta,G"]
[Result "0-1"]
[WhiteElo "2017"]
[BlackElo "2275"]

1.c4 e5 2.g3 Nf6 3.Bg2 d5 4.cxd5 Nxd5 5.Nc3 Nb6 6.Nf3 Nc6 7.O-O Be7 8.a3 O-O
9.b4 Be6 10.Rb1 f6 11.d3 Nd4 12.Ne1 Nd5 13.Bb2 Nxc3 14.Bxc3 c6 15.a4 Qd7
16.e3 Nf5 17.Bh3 Kh8 18.e4 Nd4 19.Bxe6 Nxe6 20.Qg4 Rad8 21.f4 exf4 22.gxf4 f5
23.exf5 Nd4 24.Bxd4 Qxd4+ 25.Kh1 Qd5+ 26.Qf3 Rxf5 27.Qxd5 Rdxd5 28.Rf3 Rd4
29.Re3 Bf8 30.Ng2 Rxb4 31.Rbe1 Rxa4 32.Re8 g6 33.Rb8 Rb4 34.h3 Kg7 35.Rd8 Rf7
36.Kh2 a5 37.Kg3 a4 38.Ra8 Rd4  0-1

[Event "TCh-ESP CECLUB 2a Gp2 2012"]
[Site "Burguillos ESP"]
[Date "2012.08.10"]
[Round "4.1"]
[White "Barrero Garcia,C"]
[Black "Razmyslov,A"]
[Result "0-1"]
[WhiteElo "2352"]
[BlackElo "2452"]

1.c4 e5 2.g3 Nc6 3.Bg2 d6 4.Nc3 Be6 5.d3 Qd7 6.Rb1 Nge7 7.b4 d5 8.b5 Nd8
9.cxd5 Nxd5 10.Qc2 c6 11.Nf3 f6 12.bxc6 Qxc6 13.Bd2 Rc8 14.Rc1 Ba3 15.O-O Bxc1
16.Rxc1 Nxc3 17.Bxc3 Qa6 18.a4 Nc6 19.Qb2 O-O 20.Ra1 b6 21.Nd2 Na5 22.f4 exf4
23.gxf4 Rc7 24.Kf2 Qc8 25.Ne4 Nb3 26.Rg1 Nc5 27.Nxf6+ Rxf6 28.Bxf6 Nxd3+
29.exd3 Rc2+ 30.Ke3 Rxb2 31.Bxb2 Qc2 32.Be5 Kf7 33.Be4 g6 34.h4 Ke7 35.Rg5 Qc1+
36.Ke2 Bb3 37.f5 Bd1+ 38.Kf2 Qd2+ 39.Kg3 Qe3+ 40.Kg2 gxf5 41.Rxf5 Bg4 42.Rf4 Qh3+
43.Kg1 Qxh4 44.Bf6+ Qxf6 45.Rxf6 Kxf6 46.Bxh7 Ke5 47.Kf2 Kd4 48.a5 bxa5 49.Ke1 Kc3
50.d4 a4 51.Bg8 a3 52.Bf7 Bc8  0-1

[Event "TCh-ESP CECLUB 2a Gp2 2012"]
[Site "Burguillos ESP"]
[Date "2012.08.10"]
[Round "4.3"]
[White "Moreno Ruiz,J"]
[Black "Albaina Alvarez,A"]
[Result "1-0"]
[WhiteElo "2498"]
[BlackElo "2161"]

1.c4 e5 2.g3 Nf6 3.Bg2 d5 4.cxd5 Nxd5 5.Nf3 Nc6 6.O-O Nb6 7.d3 Be7 8.Nbd2 g5
9.b3 g4 10.Ne1 Be6 11.Bxc6+ bxc6 12.Bb2 f6 13.Qc2 Qd7 14.Rc1 h5 15.Ng2 O-O-O
16.Qxc6 Qxc6 17.Rxc6 Bd5 18.Rc2 Bxg2 19.Kxg2 h4 20.Rfc1 Rd7 21.Nf1 hxg3 22.hxg3 Bd6
23.e4 Rdh7 24.Ne3 Rg8 25.Rh1 Rxh1 26.Kxh1 Nd7 27.d4 Kb7 28.Kg2 exd4 29.Bxd4 Re8
30.Nxg4 Rxe4 31.Nxf6 Rxd4 32.Nxd7 Kc8 33.Nc5  1-0

[Event "TCh-ESP CECLUB 2a Gp2 2012"]
[Site "Burguillos ESP"]
[Date "2012.08.11"]
[Round "5.4"]
[White "Diaz Montenegro,I"]
[Black "Pallardo Lozoya,J"]
[Result "0-1"]
[WhiteElo "2002"]
[BlackElo "2359"]

1.c4 e5 2.g3 Nc6 3.Bg2 g6 4.Nc3 Bg7 5.Nf3 d6 6.d3 f5 7.O-O Nf6 8.Rb1 O-O
9.b4 Nh5 10.Nd5 f4 11.Bd2 Ne7 12.Nxe7+ Qxe7 13.Be1 g5 14.h3 g4 15.hxg4 Bxg4
16.Nh2 Bc8 17.e3 Qg5 18.exf4 exf4 19.Nf3 Qh6 20.Rb3 Be6 21.Qc1 Rae8 22.d4 c6
23.d5 cxd5 24.cxd5 Bxd5 25.Rd3 Be4 26.Ra3 a6 27.Nh2 Bxg2 28.Kxg2 f3+  0-1

[Event "28th Geraardsbergen Open"]
[Site "Geraardsbergen BEL"]
[Date "2012.08.11"]
[Round "2.3"]
[White "Tonoli,W"]
[Black "Karstens,Lex"]
[Result "1-0"]
[WhiteElo "2189"]
[BlackElo "1853"]

1.c4 e5 2.g3 Nf6 3.Bg2 c6 4.a3 a5 5.d4 exd4 6.Qxd4 Na6 7.Nc3 Nc5 8.Qd1 Be7
9.Nf3 O-O 10.O-O Ne6 11.e4 d6 12.h3 Nd7 13.Rb1 Ne5 14.b3 Nxf3+ 15.Qxf3 Bf6
16.Kh2 Re8 17.Re1 Ng5 18.Qd3 Ne6 19.Bb2 h5 20.h4 Nc5 21.Qc2 Be5 22.Kg1 Bg4
23.Ne2 Bxb2 24.Rxb2 Qf6 25.f3 Bd7 26.Rd1 Rad8 27.Qc3 Qxc3 28.Nxc3 Bc8 29.b4 axb4
30.axb4 Na6 31.b5 Nc5 32.Rbd2 Be6 33.Bf1 Nb3 34.Rxd6 Rxd6 35.Rxd6 c5 36.Nd5 Bc8
37.Nc7 Rf8 38.Kf2 Nd4 39.Rd5 Be6 40.Rxc5 b6 41.Rxh5 Bxc4 42.Bxc4 Rc8 43.Rd5 Ne6
44.Nxe6 fxe6  1-0

[Event "2nd Split Open 2012"]
[Site "Split CRO"]
[Date "2012.08.11"]
[Round "1.28"]
[White "Zarko,I"]
[Black "Torres Sanchez,J"]
[Result "0-1"]
[WhiteElo "1929"]
[BlackElo "2278"]

1.g3 e5 2.c4 Nf6 3.Bg2 d5 4.cxd5 Nxd5 5.Nc3 Nb6 6.Nf3 Nc6 7.O-O Be7 8.d3 g5
9.Nd2 h5 10.Nc4 h4 11.Nxb6 axb6 12.Nd5 Be6 13.Nxe7 Qxe7 14.b3 f6 15.Bb2 O-O-O
16.Qc2 Qh7 17.Rfc1 hxg3 18.hxg3 Qh2+ 19.Kf1 Bh3 20.Bxh3+ Rxh3 21.e4 g4 22.Ke2 Qg2
23.Rf1 Qf3+ 24.Kd2 Nb4 25.Qc4 Nxd3 26.Qe6+ Kb8 27.Qe7 Rhh8 28.Kc3 Ne1+ 29.Kb4 Nc2+  0-1

[Event "16th HZ Open"]
[Site "Vlissingen NED"]
[Date "2012.08.11"]
[Round "9"]
[White "Reinderman,D"]
[Black "Turov,M"]
[Result "1/2-1/2"]
[WhiteElo "2583"]
[BlackElo "2646"]

1.c4 e5 2.g3 Nc6 3.Bg2 Bc5 4.Nc3 a6 5.e3 d6 6.Nge2 Ba7 7.d4 Nge7 8.O-O O-O
9.b3 exd4 10.Nxd4 Nxd4 11.exd4 Nf5 12.Ne2 Rb8 13.a4 Re8 14.Bb2 Bd7 15.Qd2 Bc6
16.d5 Bd7 17.a5 Ne3 18.Rfe1 Nxg2 19.Kxg2 Bf5  1/2-1/2

[Event "Miguel Najdorf Open A"]
[Site "Warsaw POL"]
[Date "2012.08.11"]
[Round "6.5"]
[White "Nguyen,P"]
[Black "Warakomski,T"]
[Result "1/2-1/2"]
[WhiteElo "2388"]
[BlackElo "2491"]

1.c4 e5 2.g3 Nc6 3.Nc3 d6 4.Bg2 Be6 5.d3 Qd7 6.e4 g6 7.h4 Nd4 8.h5 gxh5 9.Be3 c5
10.Nd5 Be7 11.Ne2 h4 12.gxh4 Bg4 13.Bxd4 cxd4 14.Qb3 Nf6 15.Nxe7 Kxe7 16.f3 Be6
17.f4 Rhg8 18.Bf3 Qc6 19.Rf1 Bh3 20.Rf2 Nd7 21.Kd2 Nc5 22.Qa3 f6 23.b4 Qa4
24.Qb2 Nd7 25.Qb3 Qxb3 26.axb3 a6 27.Rg1 Rxg1 28.Nxg1 Be6 29.Rg2 Rg8 30.Rxg8 Bxg8
31.Bg4 Be6 32.f5 Bf7 33.Kc2 Nb8 34.Kb2 Nc6 35.Ka3 b5 36.Ne2 Be8 37.Ng3 Bd7
38.Nh5 Kf7 39.Ng3 Nd8 40.Bh5+ Ke7 41.Bg4 Bc8 42.Bf3 Nc6 43.Be2 Nb8 44.Bf3 Nd7
45.Be2 Nb6 46.Bf3 Na8 47.Be2 Nc7 48.Bf3 Kd7 49.Be2 Ne8 50.Bf3 Ng7 51.Be2 Kc6
52.Bf3 Kb6 53.Bd1 Ne8 54.Be2 Nc7 55.Bd1 a5 56.bxa5+ Kxa5 57.Nh5 b4+ 58.Kb2 Ne8
59.Kc2 Kb6 60.Kd2 Kc6 61.Ke2 Kd7 62.Kf3 Ke7 63.Ng3 Nc7  1/2-1/2

[Event "II Brazil Maringa Open"]
[Site "Maringa BRA"]
[Date "2012.08.12"]
[Round "9.12"]
[White "Tsuboi,E"]
[Black "Deus Filho,J"]
[Result "1-0"]
[WhiteElo "2308"]
[BlackElo "2116"]

1.c4 e5 2.g3 g6 3.Bg2 Bg7 4.Nc3 f5 5.d3 Nf6 6.e4 O-O 7.Nge2 d6 8.O-O c6 9.h3 Be6
10.exf5 Bxf5 11.d4 Na6 12.Be3 Qe7 13.Qd2 Nc7 14.Rad1 Rad8 15.Qc1 a6 16.a4 Rfe8
17.b3 Rb8 18.a5 h5 19.Qa3 Bf8 20.Rd2 Qf7 21.Qc1 Kh7 22.Rfd1 Rbc8 23.Kh2 Rb8
24.Qb2 Be7 25.Ng1 e4 26.Nge2 d5 27.c5 Ne6 28.Nf4 Ng5 29.Nce2 Nf3+ 30.Bxf3 exf3
31.Ng1 g5 32.Nd3 Bxd3 33.Nxf3 Ne4 34.Ne5 Qf5 35.Rxd3 Rf8 36.f3 Nf6 37.g4 hxg4
38.hxg4 Qe6 39.Kg2 Nd7 40.Rh1+ Kg7 41.Nxd7 Qxd7 42.Qb1 Qe6 43.Rdd1 Rh8 44.Qd3 Rh4
45.Bf2 Rhh8 46.Bg3 Rbf8 47.Rde1 Qf7 48.Rxe7 Qxe7 49.Be5+ Rf6 50.Rxh8 Kxh8
51.Qf5  1-0

[Event "2nd Split Open 2012"]
[Site "Split CRO"]
[Date "2012.08.12"]
[Round "2.32"]
[White "Adrian,C"]
[Black "Trajber,C"]
[Result "1-0"]
[WhiteElo "2263"]
[BlackElo "2028"]

1.c4 e5 2.g3 Nf6 3.Bg2 d5 4.cxd5 Nxd5 5.Nf3 Nc6 6.O-O Be7 7.d4 e4 8.Ne5 f5
9.Nxc6 bxc6 10.Qc2 Qd6 11.Nc3 Be6 12.Nxd5 Bxd5 13.f3 O-O 14.Bf4 Qd7 15.Be5 exf3
16.exf3 Bd6 17.f4 Rab8 18.Bxd5+ cxd5 19.Rf3 Rb6 20.Rc3 Rc8 21.Rc1 Bxe5 22.fxe5 c6
23.Rc5 f4 24.Rc3 Qg4 25.Qf2 Rf8 26.Rf1 g5 27.Kh1 f3 28.Rxf3 Rxf3 29.Qxf3 Qxf3+
30.Rxf3 Rxb2 31.Ra3 Rb7 32.Ra6 Rc7 33.Kg2 Kf7 34.Kf3 Ke6 35.Kg4 h6 36.Ra3 Rb7
37.Rf3 Rb4 38.Rf6+ Kd7 39.Kf5 Rxd4 40.Rf7+ Kd8 41.Ke6 Re4 42.Kd6 Ke8 43.e6 d4
44.Re7+ Kf8 45.Rf7+ Kg8 46.Rf3 c5 47.e7 c4 48.Rf6 Rxe7 49.Kxe7  1-0

[Event "28th Geraardsbergen Open"]
[Site "Geraardsbergen BEL"]
[Date "2012.08.13"]
[Round "5.3"]
[White "Barbier,Wim"]
[Black "Wantiez,F"]
[Result "1-0"]
[WhiteElo "2124"]
[BlackElo "2337"]

1.c4 e5 2.g3 Nc6 3.Nc3 g6 4.Bg2 Bg7 5.d3 d6 6.e4 Be6 7.Nge2 h5 8.h4 Qd7 9.Nd5 Nd8
10.d4 Nc6 11.Be3 Nh6 12.f3 f5 13.Bxh6 Rxh6 14.Nxc7+ Qxc7 15.d5 fxe4 16.dxe6 Nd4
17.O-O exf3 18.Bxf3 Nxe6 19.Bd5 Qd7 20.Nc3 O-O-O 21.Ne4 Kb8 22.Ng5 Nxg5 23.hxg5 Rh7
24.Rf7 Qh3 25.Rxb7+ Kc8 26.Qb3 h4 27.Rc7+  1-0

[Event "16th Izmailov Mem"]
[Site "Tomsk RUS"]
[Date "2012.08.13"]
[Round "7.5"]
[White "Belozerov,A"]
[Black "Denisov,L"]
[Result "1/2-1/2"]
[WhiteElo "2504"]
[BlackElo "2346"]

1.c4 e5 2.g3 Nc6 3.Nc3 Nf6 4.Bg2 Bb4 5.Nd5 Bc5 6.e3 O-O 7.Ne2 Nxd5 8.cxd5 Ne7
9.O-O d6 10.b3 Bb6 11.Bb2 Ng6 12.d4 Qe7 13.a4 a5 14.dxe5 Nxe5 15.Nd4 Bg4
16.Qd2 Bxd4 17.Qxd4 Bf3 18.Qd2 Bxg2 19.Kxg2 Nd7 20.Qc3 f6 21.Qxc7 Rfc8 22.Qxb7 Rab8
23.Qa7 Qe4+ 24.Kg1 Nc5 25.Rac1 Qxd5 26.Qxa5 Qxb3 27.Bd4 Ra8 28.Qd2 Rxa4 29.Bxc5 dxc5
30.Qd6 Ra5 31.Rfd1 Qf7 32.Qb6 Raa8 33.Rxc5 Rxc5 34.Qxc5 Re8 35.h4 h5 36.Rd5 g6
37.Rd6 Kg7 38.Qd4 Re7 39.Kh2 Rc7 40.Ra6 Qe7 41.Rd6 Rb7 42.Qd5 Rc7 43.e4 Ra7
44.Kg2 Rc7 45.Rd8 Qf7 46.Kf3 Rc3+ 47.Ke2 Rc2+ 48.Ke3 Rc3+ 49.Kd4 Qxd5+ 50.exd5 Rf3
51.Rd7+ Kh6 52.d6 Rxf2 53.Re7 Rd2+ 54.Kc5 g5 55.d7 Kg6 56.Kc6 Kf5 57.Re2 Rd1
58.Rf2+ Ke6 59.Re2+ Kf5 60.Re1 Rd2 61.Kc7 Kg4 62.Re6 Rxd7+ 63.Kxd7 Kxg3 64.Rxf6 gxh4  1/2-1/2

[Event "Miguel Najdorf Open A"]
[Site "Warsaw POL"]
[Date "2012.08.13"]
[Round "8.22"]
[White "Kubeczko,Grzegorz"]
[Black "Gasik,P"]
[Result "1-0"]
[WhiteElo "2017"]
[BlackElo "2132"]

1.c4 e5 2.g3 f5 3.d4 e4 4.h4 Nf6 5.Bg5 Be7 6.e3 Nc6 7.Nc3 O-O 8.Nh3 d6 9.Nf4 Qe8
10.Nb5 Bd8 11.Be2 a6 12.Nc3 Ne7 13.d5 Ng6 14.Bxf6 Bxf6 15.Bh5 b5 16.c5 b4
17.Nce2 dxc5 18.Bxg6 hxg6 19.h5 gxh5 20.d6 c6 21.Qb3+ Qf7 22.O-O-O c4 23.Qxb4 g6
24.Nxg6 Qxg6 25.d7 Qf7 26.dxc8=Q Raxc8 27.Qc5 Rb8 28.Nd4 Be7 29.Qe5 c5 30.Nxf5 Qxf5
31.Qxe7 Rfe8 32.Qh4 Qe5 33.Rd2 c3 34.Rc2 cxb2+ 35.Kb1 Red8 36.Qf4 Qd5 37.Rxb2 Rxb2+
38.Kxb2 Qd2+ 39.Kb1 Rb8+ 40.Qxb8+  1-0

[Event "2nd Metropolitan International"]
[Site "Los Angeles USA"]
[Date "2012.08.15"]
[Round "2"]
[White "Nilsson,Mar"]
[Black "Ludwig,Dan"]
[Result "1/2-1/2"]
[WhiteElo "2165"]
[BlackElo "2483"]

1.c4 e5 2.g3 g6 3.Bg2 Bg7 4.Nc3 d6 5.d3 f5 6.e3 Nf6 7.Nge2 O-O 8.O-O a5 9.b3 Nc6
10.Qd2 Kh8 11.Bb2 Be6 12.Nd5 Qd7 13.Nec3 Rae8 14.Nxf6 Bxf6 15.Nd5 Bg7 16.Rad1 b6
17.d4 exd4 18.exd4 Bxd5 19.cxd5 Ne7 20.Rfe1 Ng8 21.Qd3 Rxe1+ 22.Rxe1 Re8
23.Bc3 Nf6 24.Rxe8+ Qxe8 25.Bd2 Kg8 26.h3 Kf7 27.Qc4 Qd7 28.a4 Ng8 29.Bf3 Bh6
30.Qc1 Bxd2 31.Qxd2 Qe7 32.Kg2 Nf6 33.Qe3 Nd7 34.Qc1 Nf6 35.Qe3 Nd7  1/2-1/2

[Event "2nd Metropolitan International"]
[Site "Los Angeles USA"]
[Date "2012.08.15"]
[Round "3"]
[White "Moradiabadi,E"]
[Black "Harmon,L"]
[Result "1-0"]
[WhiteElo "2570"]
[BlackElo "2297"]

1.c4 e5 2.g3 Nc6 3.Bg2 g6 4.Nc3 Bg7 5.d3 d6 6.Rb1 Be6 7.b4 Qd7 8.b5 Nd8 9.Nf3 h6
10.e4 f5 11.Nh4 Qf7 12.Nd5 Nf6 13.Nxg6 Rg8 14.exf5 Bxd5 15.cxd5 Nxd5 16.Qb3 Nb6
17.Be3 Qxb3 18.Rxb3 Kd7 19.O-O c6 20.Rc1 d5 21.h4 d4 22.Bd2 Rc8 23.Bh3 Bf6
24.Bxh6 Nf7 25.bxc6+ bxc6 26.Bd2 c5 27.Ba5 Nd6 28.Bxb6 axb6 29.Rxb6 e4 30.dxe4 Nxe4
31.Bf1 Kc7 32.Re6 Rge8 33.Re1 Rxe6 34.fxe6 Nd6 35.e7 Kc6 36.g4 c4 37.g5 Bg7
38.Bxc4 Nxc4 39.e8=Q+ Rxe8 40.Rxe8 d3 41.Kf1 Nb2 42.Rd8 Kc7 43.Rd5 Kc6 44.Ne7+  1-0